London match (Record no. 298516)

000 -LEADER
fixed length control field 00222 a2200109 4500
001 - CONTROL NUMBER
control field 63443
082 ## - DEWEY DECIMAL CLASSIFICATION NUMBER
Classification number 823 DEI
090 ## - LOCALLY ASSIGNED LC-TYPE CALL NUMBER (OCLC); LOCAL CALL NUMBER (RLIN)
-- 37501
-- 37501
100 ## - MAIN ENTRY--PERSONAL NAME
Personal name Deighton, L
245 ## - TITLE STATEMENT
Title London match
260 ## - PUBLICATION, DISTRIBUTION, ETC.
Place of publication, distribution, etc. NY
Name of publisher, distributor, etc. Philips
Date of publication, distribution, etc. 2000
942 ## - ADDED ENTRY ELEMENTS (KOHA)
Institution code [OBSOLETE] NUST-CAE
Call number prefix 823 DEI
Holdings
Withdrawn status Lost status Damaged status Not for loan Collection code Permanent Location Current Location Date acquired Total Checkouts Full call number Barcode Date last seen Price effective from Koha item type
          College of Aeronautical Engineering (CAE) College of Aeronautical Engineering (CAE) 04/03/2017   823 DEI CAEG-5447 04/05/2017 04/05/2017 Book
© 2023 Central Library, National University of Sciences and Technology. All Rights Reserved.